00856cam a2200229 a 450000100100000000500170001000800410002702000150006804000250008308200180010810000510012624500810017726000350025830000280029349000330032165000270035465000310038170000380041283000400045095201210049099900150061100000691420200929154022.0760618s1975 sp a 000 1 spa  a842392002X aDO-SdBNPbspacBNPHU aA863.2bV181t1 aValle Inclán, Ramón del,d1866-1936.9332510aTirano Banderas /cRamón del Valle Inclán ; prólogo, Antonio Valencia. aMadrid :bEspasa Calpe,c1975. a240 p. :bil. ;c18 cm.1 aSelecciones Austral ;vno. 2 4aNovela argentina93941 4aLiteratura argentina938601 aValencia, Antonio,epról.94948 0aSelecciones Austral ;vno. 2919172 001052708MOaGRbGRcCTd2009-09-03iLF1l0oA863.2 V181tp6914-10r2020-06-25w2020-06-25y2ZPréstamo interno c6699d6699